NLSUI OPAC header image

Gendering Caste through a Feminist Lens (Record no. 119582)

MARC details
000 -LEADER
fixed length control field 00406nam a2200145Ia 4500
008 - FIXED-LENGTH DATA ELEMENTS--GENERAL INFORMATION
fixed length control field 200619s9999 xx 000 0 und d
020 ## - INTERNATIONAL STANDARD BOOK NUMBER
International Standard Book Number 81856045411
082 ## - DEWEY DECIMAL CLASSIFICATION NUMBER
Classification number 305.4CHA
100 ## - MAIN ENTRY--PERSONAL NAME
Personal name Uma Chakravarthi
245 #0 - TITLE STATEMENT
Title Gendering Caste through a Feminist Lens
264 ## - PRODUCTION, PUBLICATION, DISTRIBUTION, MANUFACTURE, AND COPYRIGHT NOTICE
Place of production, publication, distribution, manufacture Kolkatta
Name of producer, publisher, distributor, manufacturer Mandira Sen for Samya
Date of production, publication, distribution, manufacture, or copyright notice 2006
300 ## - PHYSICAL DESCRIPTION
Extent 183
942 ## - ADDED ENTRY ELEMENTS (KOHA)
Koha item type CSSEIP Office Library Collection
Holdings
Withdrawn status Lost status Damaged status Not for loan Home library Current library Shelving location Date acquired Total Checkouts Barcode Date last seen Price effective from Koha item type
        . . CSSEIP Office Library 25.06.2020   CSSEIP43 23.06.2020 23.06.2020 CSSEIP Office Library Collection